Vnímanie a správanie študentov k udržateľnosti
Správanie a postoje študentov k udržateľnosti v prostredí Ekonomickej univerzity v Bratislave prieskumom prostredníctvom metódy štandardizovaného dopytovania, zameraného na študentov EUBA s 51 respondentmi. Vyhodnotenie údajov pomocou popisnej štatistiky, grafov a krížovej tabuľky. Rozdiely medzi vy...
Gespeichert in:
| 1. Verfasser: | |
|---|---|
| Format: | Buchkapitel |
| Sprache: | Slowakisch |
| Schlagworte: | |
| Tags: |
Keine Tags, Fügen Sie das erste Tag hinzu!
|
MARC
| LEADER | 00000naa$a2200000$$$4500 | ||
|---|---|---|---|
| 001 | 0271240 | ||
| 005 | 20240502074249.5 | ||
| 041 | 0 | |a slo | |
| 044 | |a SK | ||
| 245 | 1 | 0 | |a Vnímanie a správanie študentov k udržateľnosti |c Petra Garasová |
| 520 | |a Správanie a postoje študentov k udržateľnosti v prostredí Ekonomickej univerzity v Bratislave prieskumom prostredníctvom metódy štandardizovaného dopytovania, zameraného na študentov EUBA s 51 respondentmi. Vyhodnotenie údajov pomocou popisnej štatistiky, grafov a krížovej tabuľky. Rozdiely medzi vybranými segmentačnými kritériami a deklarovaným správaním. Analýza vzťahu vybraných premenných a vnímania EUBA ako šetrnej inštitúcie k životnému prostrediu. Určenie vzájomného vzťahu pomocou matematicko-štatistickej metódy výpočtu regresnej analýzy. | ||
| 610 | 2 | 0 | |a etika environmentálna |
| 610 | 2 | 0 | |a študenti |
| 610 | 2 | 0 | |a politika environmentálna |
| 610 | 2 | 0 | |a univerzity |
| 610 | 2 | 0 | |a školy vysoké |
| 610 | 2 | 0 | |a vzdelávanie vysokoškolské |
| 610 | 2 | 0 | |a rozvoj trvalo udržateľný |
| 610 | 2 | 0 | |a Slovensko |
| 100 | 1 | |a Garasová, Petra, 1993- | |